000 00417nam a2200181Ia 4500
001 1303
005 20260306143718.0
008 260306t1975||||xx |||||||||||||| ||spa||
041 _aESP
082 _a193
_bK21C
100 _aKant, Manuel
_eAUT
245 0 _aCrítica de la razón práctica
260 _c1975
300 _a243 páginas :
_c17 cm.
650 _aGEN
654 _aCHU
942 _cLIB
_dJUS
_fJUS
_2ddc
_n
999 _c1303
_d1303